Kuttūci Kurucāmi nin̲aivu malar. (Record no. 80907)

MARC details
000 -LEADER
fixed length control field 00715cam a22002411 4500
001 - CONTROL NUMBER
control field sa 68005721
003 - CONTROL NUMBER IDENTIFIER
control field DLC
005 - DATE AND TIME OF LATEST TRANSACTION
control field 20260227112511.0
008 - FIXED-LENGTH DATA ELEMENTS--GENERAL INFORMATION
fixed length control field 910105s1966 ii ach 000 0 tamr
010 ## - LIBRARY OF CONGRESS CONTROL NUMBER
LC control number sa 68005721
035 ## - SYSTEM CONTROL NUMBER
System control number (OCoLC)22926616
040 ## - CATALOGING SOURCE
Original cataloging agency DLC
Transcribing agency CU
Modifying agency CU
-- DLC
041 0# - LANGUAGE CODE
Language code of text/sound track or separate title tameng
042 ## - AUTHENTICATION CODE
Authentication code premarc
050 00 - LIBRARY OF CONGRESS CALL NUMBER
Classification number PN5376.G8
Item number K8
245 00 - TITLE STATEMENT
Title Kuttūci Kurucāmi nin̲aivu malar.
250 ## - EDITION STATEMENT
Edition statement [1. patippu]
260 ## - PUBLICATION, DISTRIBUTION, ETC.
Place of publication, distribution, etc. Cen̲n̲ai,
Name of publisher, distributor, etc. Tamil̲ nūl nilaiyam; [kiṭaikkum iṭam: pāri nilaiyam,
Date of publication, distribution, etc. 1966]
300 ## - PHYSICAL DESCRIPTION
Extent 172 p.
Other physical details illus., facsims., ports.
Dimensions 22 cm.
500 ## - GENERAL NOTE
General note English or Tamil.
600 10 - SUBJECT ADDED ENTRY--PERSONAL NAME
Personal name Kurucāmi, Kuttūci,
Dates associated with a name 1906-1965.
700 1# - ADDED ENTRY--PERSONAL NAME
Personal name Kurucāmi, Kuttūci,
Dates associated with a name 1906-1965.

No items available.

Powered by Koha